| 000 | 00409nam a2200169Ia 4500 | ||
|---|---|---|---|
| 001 | 11055 | ||
| 003 | IN-NITTTR | ||
| 005 | 20251114233103.0 | ||
| 008 | 251113s9999||||xx |||||||||||||| ||eng|| | ||
| 040 | _beng | ||
| 040 | _cIN-NITTTR | ||
| 041 | _aeng | ||
| 082 | _a510.3 M875F | ||
| 100 | _aMoynihan, Daniel Patrick | ||
| 245 | 0 |
_aFluid logic in simple terms / _cMoynihan, Daniel Patrick |
|
| 942 |
_2ddc _cBK |
||
| 999 |
_c13691 _d13691 |
||